00954nam a22002057a 450000500170000000800410001702000150005805000250007310000190009824501710011725000110028826001060029930000280040550400400043365100690047365100760054265100510061870000470066970000320071620251010092042.0 t mx bd gr 00| 0 spa|d a968614220704aHD1792.75 bB67 19941 aBorah, Woodrow10aTendencias de precios de bienes de tributo real en la Nueva Galicia, 1557-1598 c / Woodrow Borah ; traducción de Pastora Rodríguez Aviñoá, María Palomar. a1a ed. aZapopan, Jalisco :bEl Colegio de Jalisco ; aZamora, Michoacán :bEl Colegio de Michoacán,c1994 a303 p. :bil. ;c22 cm. aIncluye bibliografía : p. 297-303 4aEconomía agrícola xUso del suelozMéxicozNueva Galicia  4aPrecios agrícolas zMéxicozNueva Galicia ySiglo XVIxHistoria  4aMéxico xHistoria xAgricultura xVirreinato1 aRodríguez Aviñoá, Pastoraetraductor1 aPalomar, Maríaetraductor